000 00611nam a2200205Ia 4500
005 20250508160910.0
008 008 250505s9999 xx 000 0 eng d
020 _a0-435-80751-X
037 _aTextual
040 _aFEDL
_beng
_cFEDL
041 _aeng
_2eng
084 _a370.1, REI
_qFEDL
100 _aReid Louis Arnaud
245 0 _aPhilosophy and education : An introduction
260 _aLondon, UK
_bThe English Language Book Society and Gerald Duckworth
_c1973
300 _axvi,203p
650 _aEducation - Philosophy
942 _cTEXL
_h370.1, REI
999 _c1367274
_d1367274